Statistics for Top 25 Trading Partners - Bosnia and Herzegovina

Click here to take the quiz!

General Stats

  • This quiz has been taken 82 times
  • The average score is 44 of 50

Answer Stats

HintAnswer% Correct
3rd Place: 834Serbia
100%
3rd Place: 1,259Serbia
100%
2nd Place: 883Croatia
99%
4th Place: 1,153Croatia
99%
1st Place: 1,052Germany
99%
1st Place: 1,386Germany
99%
7th Place: 543Russia
97%
17th Place: 78Russia
97%
23rd Place: 39United States of America
97%
10th Place: 380United States of America
97%
5th Place: 808China
95%
2nd Place: 1,310Italy
95%
4th Place: 816Italy
95%
5th Place: 637Slovenia
95%
6th Place: 553Slovenia
95%
8th Place: 527Turkey
95%
8th Place: 195Turkey
95%
20th Place: 96United Kingdom
95%
21st Place: 56United Kingdom
95%
16th Place: 149Greece
93%
17th Place: 147Spain
93%
20th Place: 57Spain
93%
19th Place: 60Sweden
93%
7th Place: 242Montenegro
92%
6th Place: 615Austria
89%
9th Place: 406Austria
89%
11th Place: 137France
89%
13th Place: 241France
89%
18th Place: 125Romania
89%
14th Place: 111Romania
89%
12th Place: 299Hungary
86%
9th Place: 172Hungary
86%
16th Place: 98Poland
86%
11th Place: 334Poland
86%
13th Place: 119Switzerland
86%
19th Place: 97Belgium
85%
25th Place: 36Belgium
85%
15th Place: 159Netherlands
85%
10th Place: 159Netherlands
85%
15th Place: 103Slovakia
85%
24th Place: 89Slovakia
85%
12th Place: 121Czech Republic
84%
14th Place: 203Czech Republic
84%
18th Place: 73North Macedonia
82%
22nd Place: 92North Macedonia
82%
25th Place: 78India
80%
24th Place: 36Egypt
76%
21st Place: 96Brazil
66%
23rd Place: 91Iran
59%
22nd Place: 42Luxembourg
49%

Score Distribution

Percentile by Number Answered

Percent of People with Each Score

Your Score History

You have not taken this quiz